|
|
|
|
| LEADER |
00852nta a2200205 i 4500 |
| 001 |
dipl139229 |
| 005 |
20241009104539.0 |
| 008 |
240508s2023 hu om 000 hun d |
| 040 |
|
|
|a SZTE Diploma Repozitórium
|b hun
|
| 041 |
|
|
|a hun
|
| 100 |
1 |
|
|a Szénási Anna
|
| 245 |
1 |
0 |
|a Sclerosis multiplex kórképpel diagnosztizált nőbeteg sportspecifikus egyensúlyfejlesztése
|h [elektronikus dokumentum] /
|c Anna Szénási
|
| 246 |
1 |
0 |
|a Sport-specific balance training in a female patient diagnosed with multiple sclerosis
|h [elektronikus dokumentum]
|
| 260 |
|
|
|c 2023
|
| 650 |
|
4 |
|a Orvos- és egészségtudományok
|
| 650 |
|
4 |
|a Medical and health sciences
|
| 650 |
|
4 |
|a Health sciences
|
| 650 |
|
4 |
|a Sport and fitness sciences
|
| 700 |
0 |
1 |
|a Nákity Kinga
|e ths
|
| 856 |
4 |
0 |
|u https://diploma.bibl.u-szeged.hu/id/eprint/139229/1/2023_szenasi_anna.pdf
|z Dokumentum-elérés
|